|
|
|
|
| LEADER |
00000nam0a2200000 4500 |
| 001 |
368786 |
| 005 |
20231102012122.0 |
| 035 |
|
|
|a (RuTPU)RU\TPU\retro\26168
|
| 090 |
|
|
|a 368786
|
| 100 |
|
|
|a 20220420d1979 km y0rusy50 ca
|
| 101 |
0 |
|
|a rus
|
| 102 |
|
|
|a KG
|
| 105 |
|
|
|a a z 001zy
|
| 200 |
1 |
|
|a Физико-химические основы комплексной переработки нерудного сырья в Киргизии
|f И. Е. Батырчаев
|g Академия наук Киргизской ССР, Институт неорганической и физической химии
|
| 210 |
|
|
|a Фрунзе
|c Илим
|d 1979
|
| 215 |
|
|
|a 213 с.
|c ил.
|
| 320 |
|
|
|a Библиогр.: с. 208-212
|
| 606 |
1 |
|
|a Минеральное сырье нерудное
|x Использование
|2 stltpush
|3 (RuTPU)RU\TPU\subj\44041
|9 63427
|
| 610 |
1 |
|
|a нерудное сырье
|
| 610 |
1 |
|
|a Киргизия
|
| 610 |
1 |
|
|a комплексная переработка
|
| 610 |
1 |
|
|a физико-химические основы
|
| 610 |
1 |
|
|a соли
|
| 610 |
1 |
|
|a сульфаты
|
| 610 |
1 |
|
|a глауберова соль
|
| 610 |
1 |
|
|a нефелиновые породы
|
| 675 |
|
|
|a 622.35/.36
|v 4
|
| 700 |
|
1 |
|a Батырчаев
|b И. Е.
|g Ибраим Естебесович
|
| 712 |
0 |
2 |
|a Академия наук Киргизской ССР
|b Институт неорганической и физической химии
|2 stltpush
|3 (RuTPU)RU\TPU\col\15888
|9 26302
|
| 801 |
|
1 |
|a RU
|b 63413507
|c 20220420
|
| 801 |
|
2 |
|a RU
|b 63413507
|c 20220712
|g RCR
|
| 942 |
|
|
|c BK
|